01005cam a2200277 a 450000100100000000500170001000800410002702000150006804000250008308200240010810000350013224500630016725000110023026000320024130000280027349000290030150400530033065000290038365000540041270000470046683000370051391000280055091000070057895201270058599900150071200000548020200929151705.0950621s1997 sp a b 000 p spa  a8437612926 aDO-SdBNPbspacBNPHU a861.64bG491a, 19971 aGimferrer, Pere,d1945-91555110aArde el mar /cPere Gimferrer ; edición de Jordi Gracia. a2a ed. aMadrid :bCátedra,c1997. a176 p. :bil. ;c18 cm.1 aLetras hispánicasv383 aIncluye referencias bibliográficas (p. 91-98). 4aPoesía española9631 4aLiteratura españolaxHistoria y crítica939041 aGracia García, Jordi,eed.d1965-915552 0aLetras hispánicas ;v38394208 aCatalogación derivada aWM 001052708MOaGRbGRcHDd2009-08-19iLF1l0o861.64 G491a, 1997p5480-10r2020-06-25w2020-06-25y2ZPréstamo interno c5279d5279